| Tag |
First Indicator |
Second Indicator |
Subfields |
| LEADER |
00000cam a2200000 a 4500 |
| 001 |
in00000023620 |
| 005 |
20151007054256.0 |
| 008 |
860820s1986 caua b 00110 eng d |
| 010 |
|
|
|a 86045618
|
| 020 |
|
|
|a 1555420222 (alk. paper)
|
| 035 |
|
|
|a (OCoLC)14187695
|
| 035 |
|
|
|9 AAB4534AM
|
| 040 |
|
|
|a DNLM/DLC
|c DLC
|d OCL
|d m/c
|d TXA
|d UtOrBLW
|
| 049 |
|
|
|a TXAM
|c [A11053275]
|
| 050 |
0 |
0 |
|a RC489.D46
|b I94 1986
|
| 060 |
|
0 |
|a WM 420 I95d
|
| 082 |
0 |
|
|a 616.89
|2 19
|
| 100 |
1 |
|
|a Ivey, Allen E.
|
| 245 |
1 |
0 |
|a Developmental therapy /
|c Allen E. Ivey.
|
| 250 |
|
|
|a 1st ed.
|
| 264 |
|
1 |
|a San Francisco :
|b Jossey-Bass,
|c 1986.
|
| 300 |
|
|
|a xxiv, 385 pages :
|b illustrations ;
|c 24 cm.
|
| 336 |
|
|
|a text
|b txt
|2 rdacontent
|
| 337 |
|
|
|a unmediated
|b n
|2 rdamedia
|
| 338 |
|
|
|a volume
|b nc
|2 rdacarrier
|
| 490 |
1 |
|
|a The Jossey-Bass social and behavioral science series
|
| 504 |
|
|
|a Bibliography: pages 359-370.
|
| 500 |
|
|
|a Includes indexes.
|
| 650 |
|
0 |
|a Developmental therapy.
|
| 830 |
|
0 |
|a Jossey-Bass social and behavioral science series.
|
| 999 |
|
|
|a MARS
|
| 999 |
f |
f |
|s e1e1f963-a578-3200-8162-9fdbbf4ba21f
|i 36af92d0-d252-3530-9f28-cde3e67a19dc
|t 0
|
| 952 |
f |
f |
|p ric
|a Texas A&M University
|b Rellis Campus
|c Joint Library Facility
|d Remote Storage
|t 0
|e RC489.D46 I94 1986
|h Library of Congress classification
|i unmediated -- volume
|m A14839481078
|
| 998 |
f |
f |
|a RC489.D46 I94 1986
|t 0
|l Remote Storage
|